Thesaurus of English words and phrases, classified and arranged so as to facilitate the expression of ideas and to assist in literary composition :

محفوظ في:

المؤلف الرئيسي: Roget, Peter Mark.

التنسيق: كتاب

اللغة: Undetermined

منشور في: New York : Avenel Books, 1979.

الموضوعات:

الوسوم: إضافة وسم

لا توجد وسوم, كن أول من يضع وسما على هذه التسجيلة!

رقم الطلب: (Ref.) PE1591 .R7

LEADER 00701nam a2200169Ia 4500
008 220712s9999||||xx |||||||||||||| ||und||
020 |a 517209853 
050 4 |a (Ref.) PE1591 .R7 
100 1 |a Roget, Peter Mark. 
245 1 0 |a Thesaurus of English words and phrases, classified and arranged so as to facilitate the expression of ideas and to assist in literary composition : 
264 1 |a New York :  |b Avenel Books,  |c 1979. 
300 |a xlii, 705p. :  |b  ;  |c 24cm. 
504 |a Includes index. 
555 4 |o (Ref.) PE1591 .R7 
650 4 |a English language Synonyms and antonyms. 
952 |0 0  |1 0  |2 lcc  |4 0  |7 1  |9 41844  |a ARCE  |b ARCE  |d 2022-07-21  |l 0  |o (Ref.) PE1591 .R7  |r 2022-07-21 00:00:00  |w 2022-07-21  |y BK 
999 |c 48823  |d 48823